Pokémon - Les attaques de Shifours Style Mille Poings - Statistiques

Statistiques générales
  • Ce quiz a été pris 11 fois
  • Le résultat moyen est 13 sur 17
Statistiques - réponses
Niveaux Types Noms des attaques % Correct
Niveau 48 Combat Close Combat
100%
Niveau 36 Acier Tête de Fer
100%
Départ Évolution Eau Torrent de Coups
100%
Niveau 12 Vol Aéropique
86%
Départ Combat Éclate-Roc
86%
Niveau 32 Combat Gonflette
86%
Niveau 44 Combat Riposte
86%
Départ Eau Aqua-Jet
71%
Niveau 24 Combat Casse-Brique
71%
Niveau 20 Normal Coup d'Boule
71%
Niveau 28 Combat Détection
71%
Niveau 40 Combat Dynamo-Poing
71%
Départ Normal Groz'Yeux
71%
Niveau 52 Combat Mitra-Poing
71%
Départ Normal Ténacité
57%
Départ Normal Puissance
43%
Niveau 16 Normal Grimace
29%
Aucun quiz correspondant
Distribution des résultats
% des personnes avec chaque résultat
Percentile par nombre de réponses
Votre historique - résultats
Vous n’avez pas pris ce quiz